• 首页
  • 本馆介绍
  • 公告通知
  • 最新文献
  • 馆藏检索
  • 电子资源
  • 读者导购
  • 参考咨询
  • 我的图书馆
  • 登录
  • 详细信息显示
  • 放入我的书架
  • 预约/预借图书
  • 作者相关作品
  • 分类相关作品
  • 丛书相关作品
  • 出版社相关作品

书目信息

  • 表格格式
  • 工作单格式
  • 卡片格式
题名:
实用儿童英语会话
    
 
作者: 亦非 主编
分册: 中册   常用句型对话
出版信息: 深圳   海天出版社  2001
页数: 28页
开本: 23cm
丛书名:
单 册:
中图分类: G613.2
科图分类:
主题词: 英语课--学前教育--教学参考资料 , 英语课
电子资源:
ISBN: 7-80654-356-2
000 00880nam0 2200253 45
001 01200620002
005 20070104090455.25
010    @a7-80654-356-2@dCNY45.00(全3册)
092    @aCN@b501486
100    @a20060809e20022001em y0chiy0120 ea
101 0  @achi@aeng
102    @aCN@b440000
105    @aa z 000yy
200 1  @a实用儿童英语会话@Ashi yong er tong ying yu hui hua@h中册@i常用句型对话@f亦非主编@Fyi fei zhu bian
210    @a深圳@c海天出版社@d2001@h2002重印
215    @a28页@c彩图@d23cm
330    @a本书收入300 个最基本的儿童英语单词和60种最基本的儿童英语句型,按相应情境编绘成240种儿童英语会话,是学前儿童的教材。
517 1  @a常用句型对话@Achang yong ju xing dui hua
606 0  @a英语课@x学前教育@j教学参考资料
606 0  @a英语课
690    @aG613.2@v4
701  0 @a亦非@Ayi fei@4主编
801  0 @aCN@bLZJBOOK@c20070104
905    @a10447@dG613.2@e119:2
    
    实用儿童英语会话.中册.常用句型对话/亦非主编.-深圳:海天出版社,2001(2002重印)
    28页:彩图;23cm
    
    
    ISBN 7-80654-356-2:CNY45.00(全3册)
    本书收入300 个最基本的儿童英语单词和60种最基本的儿童英语句型,按相应情境编绘成240种儿童英语会话,是学前儿童的教材。
●
相关链接 在E读中查询图书 在五车中查询图书 在当当中查询图书 在豆瓣中查询图书


正题名:实用儿童英语会话     索取号:G613.2/119:2         预约/预借

序号 登录号 条形码 馆藏地/架位号 状态 备注
1 0553945   205539452   第一样本阅览室/ [索取号:G613.2/119:2] 在馆    
2 0553946   205539461   教育系资料室/ [索取号:G613.2/119:2] 在馆    
3 0553947   205539470   教育系资料室/ [索取号:G613.2/119:2] 在馆    
4 0553948   205539489   第四借阅区/ [索取号:G613.2/119:2] 在馆    
5 0553949   205539498   教育系资料室/ [索取号:G613.2/119:2] 在馆    
6 0553950   205539504   第四借阅区/ [索取号:G613.2/119:2] 在馆    
7 0553951   205539513   第四借阅区/ [索取号:G613.2/119:2] 在馆    
唐山师范学院图书馆 欢迎您!
大连网信软件有限公司© 版权所有